000 00327nam a22001337a 4500
008 181004b xxu||||| |||| 00| 0 eng d
020 _a9780766838376
041 _aeng
080 _a610.73
100 _a2
101 _aNUR
245 _aNursing Fundamentals Caring Clinical Decison Making
_cDaniels.R
942 _2udc
_cBK
999 _c48849
_d48849